00393nam a2200133Ia 4500008004100000041000800041082001200049100001600061245007300077260003500150300001900185365000900204520004600213240719s9999 xx 000 0 und d aeng a158 WEI aWeinman Sam aWin At Losing How Our Biggest Setbacks Can Lead To our Gretest gains aNew YorkbTarcherperigeec2016 a242.; P. 20 Cm cb26 aGifted By : IMT Faculty Dr. senthil kumar